000 00804nam a2200289Ia 4500
001 63422
003 IT-RoPAU
008 130308s9999 xx 000 0 und d
040 _aIT-RoPAU
040 _cIT-RoPAU
041 _aITALIANO
100 _aChastel André
100 _gCodice Aut. SPICS: 8124
245 _aVedute urbane dipinte e teatro
245 _bTeatro e Culture della Rappresentazione-Lo Spettacolo in Italia nel Quattrocento
250 _a1a ed.
260 _aBOLOGNA
260 _bIl Mulino
260 _c1988 [1° Ed.:1988 - Ed.Ling.Originale:1988]
300 _a"11 p. (prefazione: no ; testo: 11 [pagine: 289-299])"
650 _aSTORIA NAZIONALE DEL TEATRO
650 _eCodice materia Spics: 8409
942 _cBK
957 _71
999 _c62487
_d62487
999 _bSI
999 _g1